Country Categories - Statistics

General Stats
  • This quiz has been taken 76 times
  • The average score is 31 of 45
Answer Stats
Question Tile Select % Correct
The countries where Spanish is an official language Yes
100%
The countries where Spanish is an official language Yes
98%
The countries where Spanish is an official language Yes
95%
The countries where Spanish is an official language No
91%
The countries where Spanish is an official language No
89%
The countries where Spanish is an official language Yes
89%
The countries where Spanish is an official language No
89%
The countries where Spanish is an official language No
89%
The African countries Yes
88%
The African countries Yes
88%
The African countries No
86%
The landlocked countries Yes
80%
The African countries No
79%
The landlocked countries No
79%
The countries where Spanish is an official language No
77%
The African countries No
77%
The African countries Yes
77%
The landlocked countries No
77%
The landlocked countries No
77%
The African countries No
75%
The landlocked countries Yes
75%
The landlocked countries Yes
70%
The countries with at least 10m people Yes
68%
The landlocked countries No
68%
Countries that have a KFC Yes
68%
The countries with at least 10m people No
66%
The landlocked countries No
66%
The landlocked countries Yes
66%
Countries that have a KFC No
66%
The countries with at least 10m people No
64%
The countries with at least 10m people No
59%
Countries that have a KFC Yes
59%
Countries that have a KFC Yes
57%
Countries that have a KFC No
57%
The countries with at least 10m people No
55%
Countries that have a KFC No
55%
The African countries Yes
54%
The African countries No
50%
The countries with at least 10m people Yes
46%
The countries with at least 10m people Yes
46%
The countries with at least 10m people No
45%
Countries that have a KFC Yes
45%
The countries with at least 10m people Yes
41%
Countries that have a KFC No
30%
Countries that have a KFC No
23%
No matching quizzes found
Score Distribution
Percent of People with Each Score
Percentile by Number Answered
Your Score History
You have not taken this quiz